Регионална библиотека "Любен Каравелов" - Русе

Копелето Банерман | Подозрението (Запис номер 46082)

MARC детайли
000 -Лидер
Контролно поле с фиксирана дължина 01684nam a2200373 a 4500
003 - Код на организацията, давaща контролен номер
Контролно поле BLK
005 - Дата и час на последна редакция
Контролно поле 20250228100811.0
008 - Елементи от данни с фиксирана дължина
fixed length control field 180408b bul|||||r ||||||| ||bul||
010 ## - Наследен системен номер
LC control number KNG00049885000
040 ## - Източник на каталожния запис
Идентификатор на билиотеката - собственик на записа BLK
041 ## - Код за език
Код за езика на текст/звукозапис или на отделно заглавие Български
Код за езика КДБФ Български
080 ## - УДК
Текстов определител УДК Американска литература (на САЩ)
УДК код - определител по УДК 821.111(73)
УДК определител -312.4
УДК - код + определител 821.111(73)-312.4
100 1# - Редна дума - Автор
Автор Спилейн, Мики
Авторска отговорност първи автор
Автор - информация (биография) Морис, Франк
R(LIN) 122690
139 ## - Редно поле
Редна дума Спилейн, Мики
Авторски знак Спи - С 57
245 10 - Сведения за заглавието
Заглавие Копелето Банерман
Подзаглавни данни Кримин. роман
Редно поле (дума) Мики Спилейн; прев. от англ. Анжела Лазарова; * Джулия Грайс; * Лъчезар Живин.
245 10 - Сведения за заглавието
Заглавие Подозрението
Подзаглавни данни Кримин. роман
Редно поле (дума) Джулия Грейс ; Прев. от англ. Лъчезар Живин
257 ## - Страна на издаване
Страна на създаване/издаване Съединени американски щати
260 ## - Област на издателските данни
Място на издаване, разпространение и проч. София
Име на издателя, разпространителя и проч. Дамян Яков
Година на издаване 1993
Печатница Враца : Полипринт
300 ## - Физическа характеристика
Страници 367 с.
Размери/Мащаб 20 см
380 ## - Жанр
Жанр Худож. лит.
500 ## - Общи забележки
Забележка Ориг. загл. The Bastard Bannerman / Mickey Spillane ; Suppicion / Julia Grrice. - Офс. изд. - 8 000 тир.
653 ## - Ключова дума – ненормативна
Ключова дума крими
653 ## - Ключова дума – ненормативна
Ключова дума романи
700 1# - Други автори (авторска отговорност)
Лично име Лазарова, Анжела
Автороска отговорност (Описва отношението между автора и произведението) прев. от англ.
9 (RLIN) 364102
700 1# - Други автори (авторска отговорност)
Лично име Грайс, Джулия
Автороска отговорност (Описва отношението между автора и произведението) *
9 (RLIN) 55708
700 1# - Други автори (авторска отговорност)
Лично име Живин, Лъчезар
Автороска отговорност (Описва отношението между автора и произведението) *
9 (RLIN) 363834
852 ## - Местоположение
Форматна сигнатура Цб 173526
Фондова буква Хранилище
856 4# - Електронен адрес и достъп
Електронен формат pdf - файл
Инструкция (цена за достъп) 0.00
Права за достъп disable
856 4# - Електронен адрес и достъп
Електронен формат pdf - файл
Инструкция (цена за достъп) 0.00
Права за достъп disable
999 ## - СИСТЕМНИ КОНТРОЛНИ НОМЕРА
Koha biblionumber 46082
Koha biblioitemnumber 46082
942 ## - АРТИКУЛИ
Вид на библиотечния материал Книги
Скрит в OPAC Не
Koha issues (borrowed), all copies 11
Периодичен библиозапис Да
944 ## - СЪЗДАВАНЕ И РЕДАКЦИЯ на ЗАПИСА
Създаване/Редакция Създаване
Дата на регистрацията/редакция 10.05.2005
Статус, дата на статуса Христина Везирева
Служител, извършил регистрацията/редакцията 30535
944 ## - СЪЗДАВАНЕ И РЕДАКЦИЯ на ЗАПИСА
Създаване/Редакция Редакция
Дата на регистрацията/редакция 12.05.2017
Статус, дата на статуса ф /
Служител, извършил регистрацията/редакцията Людмила_Стоянова
999 ## - СИСТЕМНИ КОНТРОЛНИ НОМЕРА
Koha biblioitemnumber 46082
Наличности
Код за отписване Код за изгубен артикул Източник на класификационната схема Код за повреда Коз за рестрикции Код за отдаване Артикулен № Име на библиотеката - собственик Име на библиотеката, в която се намира в момента Статус (Текущо местоположение) Дата на вписване в системата Местоположение - отдел Цена в лева Инвентарен номер Систематично азбучна сигнатура Баркод Номер на екземпляра Цена в евро Служебна бележка Служебен тип на артикула
Изтеглен Не е изгубен Universal Decimal Classification Не е повреден без рестрикции заемане за дома 72718 Регионална библиотека "Любен Каравелов" Русе Регионална библиотека "Любен Каравелов" Русе Заемна - подръчен фонд 1993-01-01 Заемна - подръчен фонд 2.24 585751 П 820(73)-31/С 57 585751 1 1.15 Дост: Pk Вид: Ф N: стар фонд Дата: 01.01.1993 Книги
Изтеглен Не е изгубен Universal Decimal Classification Не е повреден без рестрикции заемане за дома 72719 Регионална библиотека "Любен Каравелов" Русе Регионална библиотека "Любен Каравелов" Русе Заемна - подръчен фонд 1993-01-01 Заемна - подръчен фонд 2.24 585752 П 820(73)-31/С 57 585752 2 1.15 Дост: Pk Вид: Ф N: стар фонд Дата: 01.01.1993 Книги
  Не е изгубен Universal Decimal Classification Не е повреден без рестрикции ползва се в читалня 72720 Регионална библиотека "Любен Каравелов" Русе Регионална библиотека "Любен Каравелов" Русе Хранилище 1993-01-01 Хранилище 32.00 593165 Цб 173526 120000593165 3 16.36 Дост: Dp Вид: Д N: стар фонд Дата: 01.01.1993 Книги
  Не е изгубен Universal Decimal Classification Не е повреден без рестрикции заемане за дома 72721 Регионална библиотека "Любен Каравелов" Русе Регионална библиотека "Любен Каравелов" Русе Заемна - подръчен фонд 2017-05-04 Заемна - подръчен фонд 9.00 120000810587 П 820(73)-31/С 57 120000810587 4 4.60 Дост: DA Вид: А N: 19 Дата: 04.05.2017 Дата инв: 28.02.2018 Бележки инв: П2018 Книги
Vip Innovations Ltd, Rousse, Bulgaria 2025